La tregua

Guardat en:
Dades bibliogràfiques
Autor principal: Benedetti, Mario, 1920-2009
Format: Desconegut
Publicat: México, D.F.: Nueva Imagen, 1979
Edició:5. edición
Matèries:
Etiquetes: Afegir etiqueta
Sense etiquetes, Sigues el primer a etiquetar aquest registre!

MARC

LEADER 000000000a22000000004500
001 000931
020 |a 9684291060 
041 0 |a español 
092 0 |a U863.4 B462t5 
100 1 |a Benedetti, Mario, 1920-2009 
245 1 0 |a La tregua 
250 |a 5. edición 
260 |a México, D.F.:   |b Nueva Imagen,   |c 1979 
300 |a 137 páginas 
500 |a Número de inscripción 14009, 00887 
650 4 |a LITERATURA URUGUAYA 
650 4 |a NOVELA 
999 |c 1703  |d 1703